5HLuxD.jpg

KING HENRY VIII SENIOR AND PRIMARY SCHOOL LIBRARY OPAC

A sky beyond the storm / (Record no. 1957)

000 -LEADER
fixed length control field 00548nam a22001937a 4500
005 - DATE AND TIME OF LATEST TRANSACTION
control field 20230220153926.0
008 - FIXED-LENGTH DATA ELEMENTS--GENERAL INFORMATION
fixed length control field 230220b ||||| |||| 00| 0 eng d
020 ## - INTERNATIONAL STANDARD BOOK NUMBER
International Standard Book Number 9780008411695
040 ## - CATALOGING SOURCE
Transcribing agency KH8
082 ## - DEWEY DECIMAL CLASSIFICATION NUMBER
Classification number FIC TAH
100 ## - MAIN ENTRY--PERSONAL NAME
Personal name Tahir, Sabaa
Relator term author
245 ## - TITLE STATEMENT
Title A sky beyond the storm /
Statement of responsibility, etc. Sabaa Tahir
260 ## - PUBLICATION, DISTRIBUTION, ETC.
Place of publication, distribution, etc. London:
Name of publisher, distributor, etc. Harper Voyager,
Date of publication, distribution, etc. 2021.
300 ## - PHYSICAL DESCRIPTION
Extent 519 p. :
Other physical details map (black and white) ;
Dimensions 20 cm.
440 ## - SERIES STATEMENT/ADDED ENTRY--TITLE
Title Ember in the ashes ;
Number of part/section of a work 4
500 ## - GENERAL NOTE
General note Originally published: 2020
650 ## - SUBJECT ADDED ENTRY--TOPICAL TERM
Topical term or geographic name entry element Fantasy fiction
942 ## - ADDED ENTRY ELEMENTS (KOHA)
Source of classification or shelving scheme
Koha item type Books - Fiction
Holdings
Withdrawn status Lost status Source of classification or shelving scheme Damaged status Not for loan Collection code Permanent Location Current Location Shelving location Date acquired Total Checkouts Full call number Barcode Date due Date last seen Date last checked out Price effective from Koha item type
          Fiction KH8 Senior School Library KH8 Senior School Library Fiction 2023-02-20 1 FIC TAH 3KHSL000101978 2024-09-15 2024-08-29 2024-08-29 2023-02-20 Books - Fiction

Powered By KH8 IT Dept